[Event "Andorra op"]
[Site "?"]
[Date "2011.07.17"]
[Round "2.13"]
[White "Navarro Lopez-Menchero, D."]
[Black "Gonzalez Vidal, Y."]
[Result "0-1"]
[WhiteElo "2165"]
[BlackElo "2503"]
[PlyCount "74"]
[EventDate "2011.??.??"]
[EventType "swiss"]

1. e4 e5 2. Nf3 Nc6 3. Bb5 a6 4. Ba4 Nf6 5. O-O Be7 6. Re1 b5 7. Bb3 d6 8. c3
O-O 9. h3 h6 10. d4 Re8 11. Nbd2 Bf8 12. a4 Bb7 13. Bc2 exd4 14. Nxd4 b4 15. f4
Qb8 16. Qf3 Qa7 17. N2b3 Rab8 18. Be3 Qa8 19. Nd2 bxc3 20. bxc3 g6 21. Bf2 Bg7
22. Rab1 Re7 23. Qd3 Rbe8 24. N4f3 Nd8 25. e5 dxe5 26. fxe5 Nd7 27. Bb3 Nxe5
28. Nxe5 Rxe5 29. Rxe5 Rxe5 30. Bg3 Re7 31. Nf3 Be4 32. Qe3 Nc6 33. Rb2 Qe8 34.
Qc5 Bxf3 35. gxf3 Re3 36. Bd5 Rxc3 37. Bxc6 Rxc5 0-1

[Event "Andorra op"]
[Site "?"]
[Date "2011.07.17"]
[Round "2.15"]
[White "Lillo Ferrer, JM."]
[Black "Venkatesh, MR."]
[Result "0-1"]
[WhiteElo "2151"]
[BlackElo "2480"]
[PlyCount "84"]
[EventDate "2011.??.??"]
[EventType "swiss"]

1. d4 Nf6 2. Nf3 e6 3. e3 c5 4. Bd3 b6 5. O-O Bb7 6. b3 d6 7. Bb2 cxd4 8. exd4
g6 9. Re1 Bg7 10. Nbd2 O-O 11. a3 Nbd7 12. Qe2 Qc7 13. c4 Rae8 14. Qf1 e5 15.
d5 Nh5 16. Rab1 Nf4 17. Ba1 Nxd3 18. Qxd3 Qd8 19. b4 f5 20. Qb3 g5 21. Nf1 g4
22. N3d2 Qg5 23. Rbd1 Re7 24. Bb2 h5 25. Bc1 Qg6 26. Bb2 h4 27. Nb1 f4 28. Nfd2
f3 29. Nc3 g3 30. hxg3 hxg3 31. gxf3 Bf6 32. Re4 gxf2+ 33. Kxf2 Rg7 34. Rg4 Qd3
35. Rxg7+ Bxg7 36. Ke1 Bf6 37. Nce4 Bh4+ 38. Nf2 Qxb3 39. Nxb3 Rxf3 40. Rd2 Nf6
41. Nc1 Ne4 42. Ncd3 Nxd2 0-1

[Event "Andorra op"]
[Site "?"]
[Date "2011.07.18"]
[Round "3.3"]
[White "Damljanovic, B."]
[Black "Gagarin, V."]
[Result "1/2-1/2"]
[WhiteElo "2611"]
[BlackElo "2428"]
[PlyCount "135"]
[EventDate "2011.??.??"]
[EventType "swiss"]

1. c4 c6 2. e4 d5 3. exd5 cxd5 4. cxd5 Nf6 5. Nc3 Nxd5 6. Nf3 Nc6 7. Bb5 e6 8.
O-O Be7 9. d4 O-O 10. Re1 Qd6 11. a3 Nf6 12. Ne2 a6 13. Bf4 Qd8 14. Bxc6 bxc6
15. Rc1 Qb6 16. Qc2 Bd7 17. Ne5 Rfc8 18. Nc4 Qa7 19. b4 Be8 20. Bd6 Bxd6 21.
Nxd6 Rc7 22. Nc4 Rd8 23. Na5 Rcc8 24. Qb3 Nd5 25. Rc5 Ne7 26. Rec1 h6 27. g4
Rd5 28. Qg3 Rcd8 29. h3 Rxc5 30. Rxc5 Rd5 31. Nc4 Rd8 32. Qe5 Ng6 33. Qe3 Rd5
34. Nc3 Rd8 35. Na5 Ne7 36. Qe4 Qd7 37. Ne2 Qa7 38. Nf4 Qd7 39. Nb3 Nc8 40. Nd3
Nd6 41. Qe3 Nb5 42. Ne5 Qd6 43. Nf3 Qd7 44. Rc1 Qd6 45. Rc5 Qd7 46. Qc1 f6 47.
a4 Nd6 48. Ra5 Qb7 49. Nc5 Qxb4 50. Rxa6 e5 51. Ne6 Rb8 52. Kg2 exd4 53. Nfxd4
c5 54. Qxc5 Qb7+ 55. Rc6 Bxc6+ 56. Nxc6 Rc8 57. Ned4 Nf7 58. Qb5 Qa8 59. f3 Kh8
60. a5 Ng5 61. Qd5 Qb7 62. h4 Nh7 63. Qe4 Qb2+ 64. Kg3 Qa1 65. Ne7 Qg1+ 66. Kh3
Qh1+ 67. Kg3 Qg1+ 68. Kh3 1/2-1/2

[Event "Andorra op"]
[Site "?"]
[Date "2011.07.19"]
[Round "4.6"]
[White "Bykov, A."]
[Black "Narciso Dublan, M."]
[Result "0-1"]
[WhiteElo "2278"]
[BlackElo "2544"]
[PlyCount "166"]
[EventDate "2011.??.??"]
[EventType "swiss"]

1. e4 c6 2. d4 d5 3. Nc3 dxe4 4. Nxe4 Nd7 5. Bc4 Ngf6 6. Ng5 e6 7. Qe2 Nb6 8.
Bb3 h6 9. N5f3 c5 10. Bf4 Nbd5 11. Be5 Qa5+ 12. Nd2 b5 13. dxc5 Bxc5 14. Ngf3
O-O 15. O-O Be7 16. Nd4 Bd7 17. Ne4 Qb6 18. c3 Rfd8 19. Rfd1 Be8 20. Nxf6+ Nxf6
21. a3 a5 22. Nf3 b4 23. Rxd8 Rxd8 24. cxb4 axb4 25. a4 Qa5 26. h3 Nd7 27. Bd4
Bc5 28. Bc2 b3 29. Bc3 Bb4 30. Bxb3 Bxc3 31. bxc3 Qxc3 32. Qd1 Qa5 33. Qe2 Nc5
34. Bc2 Qc3 35. Ra2 Bc6 36. Qe3 Qc4 37. Rb2 Bxa4 38. Bxa4 Nxa4 39. Rb1 Nc3 40.
Re1 Nd5 41. Qe4 Rc8 42. Qxc4 Rxc4 43. g3 Kf8 44. Kg2 Ke7 45. Re2 f6 46. Rd2 f5
47. Nd4 Kf6 48. Ne2 g5 49. Kf3 h5 50. Kg2 h4 51. gxh4 Rxh4 52. Kg3 Ra4 53. Kf3
Ne7 54. Kg2 Ng6 55. Rc2 Nh4+ 56. Kh2 Nf3+ 57. Kg3 Ne1 58. Rc6 f4+ 59. Kh2 Nf3+
60. Kg2 Ne5 61. Rc3 f3+ 62. Rxf3+ Nxf3 63. Kxf3 Rh4 64. Kg3 Kf5 65. Ng1 Rc4 66.
Ne2 e5 67. Kg2 e4 68. Ng3+ Kf4 69. Nh5+ Ke5 70. Ng3 Rc3 71. Nf1 Kf4 72. Ng3 Rc2
73. Nf1 Re2 74. Ng3 Ra2 75. Nf1 Ke5 76. Ne3 Kd4 77. Ng4 Ra3 78. Kh2 Rf3 79. Kg2
Rf4 80. Kg3 Kd3 81. Kg2 Ke2 82. Kg1 Rf5 83. Kg2 Rf3 0-1

[Event "Andorra op"]
[Site "?"]
[Date "2011.07.19"]
[Round "4.10"]
[White "Gagarin, V."]
[Black "Gonzalez Vidal, Y."]
[Result "0-1"]
[WhiteElo "2428"]
[BlackElo "2503"]
[PlyCount "62"]
[EventDate "2011.??.??"]
[EventType "swiss"]

1. d4 Nf6 2. c4 e6 3. Nc3 Bb4 4. e3 O-O 5. Nge2 d5 6. a3 Be7 7. cxd5 exd5 8.
Ng3 c5 9. dxc5 Bxc5 10. b4 d4 11. bxc5 dxc3 12. Qxd8 Rxd8 13. Ne2 Ne4 14. f3
Nxc5 15. Nxc3 Nc6 16. Bc4 Na5 17. Bd5 Be6 18. Bxe6 Nd3+ 19. Ke2 fxe6 20. Rb1
Rac8 21. Bd2 Nc4 22. Rhg1 Nxd2 23. Kxd2 Ne5+ 24. Kc2 Nc4 25. Rb3 Nxe3+ 26. Kb1
Rd3 27. Kb2 b5 28. Rc1 a6 29. g4 Nc4+ 30. Ka2 Rxf3 31. Ne4 Rxb3 0-1

[Event "Andorra op"]
[Site "?"]
[Date "2011.07.19"]
[Round "4.15"]
[White "Das, A."]
[Black "Bas Mas, JJ."]
[Result "1-0"]
[WhiteElo "2471"]
[BlackElo "2194"]
[PlyCount "93"]
[EventDate "2011.??.??"]
[EventType "swiss"]

1. e4 e6 2. d4 d5 3. Nd2 c5 4. Ngf3 Nc6 5. exd5 exd5 6. Bb5 Bd6 7. O-O cxd4 8.
Nb3 Nge7 9. Nbxd4 O-O 10. c3 Bg4 11. Be2 Qc7 12. Nb5 Qd7 13. Nxd6 Qxd6 14. Qa4
Bf5 15. Qf4 Qxf4 16. Bxf4 Rfe8 17. Rfd1 Rad8 18. Rd2 h6 19. Rad1 Be4 20. h4 a6
21. h5 Kh7 22. Ne5 Nxe5 23. Bxe5 Nc6 24. Bc7 Rd7 25. Bb6 Rde7 26. Bf1 Ne5 27.
b3 g5 28. hxg6+ fxg6 29. Bd4 Nc6 30. Bc5 Re5 31. f3 Bf5 32. Rxd5 Rxd5 33. Rxd5
Re1 34. Rd2 Rc1 35. c4 Ne5 36. Kf2 a5 37. Bd4 Nc6 38. Bb2 Rb1 39. g4 Be6 40.
Bd3 Rh1 41. Kg2 Re1 42. Kf2 Rh1 43. a3 Ne7 44. Bf1 Ng8 45. Kg2 Rh4 46. Rd6 Bc8
47. Bd3 1-0

[Event "Andorra op"]
[Site "?"]
[Date "2011.07.20"]
[Round "5.15"]
[White "Moussard, J."]
[Black "Karasik, E."]
[Result "0-1"]
[WhiteElo "2426"]
[BlackElo "2249"]
[PlyCount "138"]
[EventDate "2011.??.??"]
[EventType "swiss"]

1. e4 c5 2. Nf3 Nc6 3. Nc3 e6 4. d4 cxd4 5. Nxd4 Nf6 6. Ndb5 d6 7. Bf4 e5 8.
Bg5 a6 9. Na3 Be6 10. Nc4 Rc8 11. Bxf6 gxf6 12. Ne3 Bh6 13. Ncd5 Bxe3 14. Nxe3
Qb6 15. Qb1 Ne7 16. c3 d5 17. Be2 dxe4 18. O-O f5 19. Rd1 Rg8 20. c4 f4 21. Nd5
Nxd5 22. cxd5 Bh3 23. Qxe4 Bxg2 24. Qxe5+ Kf8 25. Qxf4 Re8 26. Bc4 Bxd5+ 27.
Kf1 Bg2+ 28. Kg1 Bh3+ 29. Kh1 Qc6+ 30. f3 Bg2+ 31. Kg1 Qb6+ 32. Rd4 Bxf3+ 33.
Kf1 Bg2+ 34. Kf2 Qxb2+ 35. Rd2 Qb6+ 36. Rd4 Rg7 37. Rad1 Bh3 38. Rg1 Qb2+ 39.
Rd2 Qb6+ 40. Rd4 Bf5 41. Rxg7 Kxg7 42. Kg2 Qg6+ 43. Kf2 Qb6 44. Kg2 Qb2+ 45.
Rd2 Qe5 46. Rd4 Qxf4 47. Rxf4 Re5 48. Kf3 b5 49. Bf1 Rc5 50. a4 bxa4 51. Rxa4
a5 52. Ke3 Bd7 53. Ra3 Rh5 54. Ra2 Be6 55. Ra1 Bb3 56. Kf3 a4 57. h3 Rf5+ 58.
Ke4 Ra5 59. Kd4 Rd5+ 60. Kc3 Rd1 61. Kb2 Rxa1 62. Kxa1 Kf6 63. Bd3 h6 64. Kb2
Ke5 65. Kc3 Kf4 66. Bb5 f5 67. Bd7 Ke4 68. Kd2 a3 69. Kc3 Bd5 0-1

[Event "Andorra op"]
[Site "?"]
[Date "2011.07.23"]
[Round "8.2"]
[White "Arizmendi Martinez, JL."]
[Black "Zoler, D."]
[Result "1/2-1/2"]
[WhiteElo "2555"]
[BlackElo "2527"]
[PlyCount "84"]
[EventDate "2011.??.??"]
[EventType "swiss"]

1. d4 Nf6 2. c4 e6 3. Nc3 Bb4 4. e3 O-O 5. Bd3 c5 6. Nge2 d5 7. cxd5 cxd4 8.
exd4 Nxd5 9. O-O Nc6 10. Nxd5 exd5 11. Nf4 Bd6 12. Re1 Qf6 13. Nxd5 Qxd4 14.
Be3 Qh4 15. g3 Qg4 16. f4 Rd8 17. Be4 Qxd1 18. Raxd1 Bg4 19. Rc1 Nb4 20. Nc3
Bf8 21. Bxb7 Rab8 22. Be4 f5 23. Bb1 Nd3 24. Bxd3 Rxd3 25. Rc2 a5 26. a3 Re8
27. Bf2 Rc8 28. Rec1 Bh3 29. Bb6 Rc6 30. Ba7 Rc7 31. Bb6 Rcd7 32. Ne2 a4 33.
Bc5 Bxc5+ 34. Rxc5 Rb3 35. Rc8+ Kf7 36. R8c7 Rxc7 37. Rxc7+ Kg6 38. Rc2 Rf3 39.
Rc1 Rd3 40. Rc2 Rf3 41. Rc1 Rb3 42. Rc2 Rf3 1/2-1/2

[Event "Badalona op"]
[Site "?"]
[Date "2011.08.02"]
[Round "2"]
[White "Perez Mañas, B."]
[Black "Volodin, A."]
[Result "0-1"]
[WhiteElo "2298"]
[BlackElo "2523"]
[PlyCount "61"]
[EventDate "2011.??.??"]
[EventType "swiss"]
[Source "Chessbase"]
[SourceDate "2011.08.17"]

1. d4 Nf6 2. c4 c5 3. d5 b5 4. cxb5 a6 5. bxa6 d6 6. Nc3 Bxa6 7. e4 Bxf1 8.
Kxf1 g6 9. Nf3 Nbd7 10. g3 Bg7 11. Kg2 O-O 12. Re1 Qb6 13. Qc2 Ng4 14. h3 Nge5
15. Nxe5 Nxe5 16. f4 Nc4 17. a4 Qb4 18. Re2 Rfb8 19. e5 Qb3 20. exd6 Bxc3 21.
Qxb3 Rxb3 22. dxe7 Nd6 23. bxc3 Rxc3 24. f5 Rd3 25. Bf4 Ne8 26. d6 f6 27. Rb1
g5 28. Rb7 gxf4 29. d7 f3+ 30. Kf2 fxe2 31. d8=Q 0-1

[Event "Badalona op"]
[Site "?"]
[Date "2011.08.03"]
[Round "3"]
[White "Iturrizaga Bonelli, E."]
[Black "Perez Mitjans, O."]
[Result "1-0"]
[WhiteElo "2603"]
[BlackElo "2452"]
[PlyCount "47"]
[EventDate "2011.??.??"]
[EventType "swiss"]
[Source "Chessbase"]
[SourceDate "2011.08.17"]

1. d4 Nf6 2. Nf3 g6 3. c4 c5 4. g3 Bg7 5. Bg2 cxd4 6. Nxd4 O-O 7. O-O Nc6 8.
Nc3 Ng4 9. e3 Nge5 10. b3 d6 11. h3 Bd7 12. Nde2 f5 13. a3 Nd4 14. Bb2 a6 15.
Qd2 Qa5 16. Rad1 Nf7 17. f4 Nc6 18. Nd4 Ra7 19. g4 Kh8 20. Be4 fxe4 21. Ne6 Nb8
22. a4 Ra8 23. Kf2 Ra7 24. Kg2 1-0

[Event "Badalona op"]
[Site "?"]
[Date "2011.08.09"]
[Round "9"]
[White "Iturrizaga Bonelli, E."]
[Black "Volodin, A."]
[Result "1-0"]
[WhiteElo "2603"]
[BlackElo "2523"]
[PlyCount "119"]
[EventDate "2011.??.??"]
[EventType "swiss"]
[Source "Chessbase"]
[SourceDate "2011.08.17"]

1. c4 c5 2. Nf3 Nc6 3. d4 cxd4 4. Nxd4 e5 5. Nc2 Nf6 6. Nc3 Bc5 7. g3 a6 8. Bg2
O-O 9. O-O b5 10. b4 Be7 11. cxb5 axb5 12. a3 Bb7 13. Bb2 Qb6 14. Ne3 Nd4 15.
Ncd5 Nxd5 16. Nxd5 Bxd5 17. Bxd5 Nc6 18. e3 Bf6 19. Qb3 Rac8 20. Rac1 Ne7 21.
Rfd1 Rxc1 22. Rxc1 g6 23. Rc5 d6 24. Rc2 Kg7 25. e4 Bg5 26. h4 Bh6 27. Kg2 f6
28. Qd3 Rd8 29. Ba2 Kh8 30. Qf3 Bg7 31. h5 f5 32. hxg6 fxe4 33. Qxe4 d5 34. Qe2
Nxg6 35. Rc5 d4 36. Bb1 Rf8 37. Be4 Qf6 38. Bc1 Ne7 39. Rxb5 Nf5 40. Rc5 Nd6
41. Rc6 Qe7 42. b5 Nxe4 43. Qxe4 Qf7 44. Rc2 Qb3 45. Rb2 Qc3 46. Rb1 d3 47. Be3
Qc2 48. Rh1 h6 49. b6 Qe2 50. Qc6 d2 51. Qd5 e4 52. b7 Qf3+ 53. Kh2 Kh7 54.
Qxd2 Rf5 55. Kg1 Rb5 56. Rxh6+ Bxh6 57. Qd7+ Kg6 58. Qc6+ Kf7 59. Qxb5 Bxe3 60.
Qb3+ 1-0

[Event "Badalona op"]
[Site "?"]
[Date "2011.08.09"]
[Round "9"]
[White "Panchanathan, MCh"]
[Black "Bacallao Alonso, Y."]
[Result "1-0"]
[WhiteElo "2556"]
[BlackElo "2532"]
[PlyCount "109"]
[EventDate "2011.??.??"]
[EventType "swiss"]
[Source "Chessbase"]
[SourceDate "2011.08.17"]

1. Nf3 Nf6 2. c4 g6 3. Nc3 d5 4. cxd5 Nxd5 5. Qa4+ Nc6 6. Ne5 Qd6 7. Nxc6 Qxc6
8. Qxc6+ bxc6 9. e4 Nb4 10. Kd1 Be6 11. d3 Bg7 12. Be3 a5 13. Kc1 c5 14. Bxc5
Nc6 15. Nb5 O-O 16. d4 Nb4 17. d5 c6 18. dxe6 cxb5 19. a3 Rac8 20. axb4 axb4
21. exf7+ Kxf7 22. Bc4+ bxc4 23. Bxb4 c3 24. bxc3 Bxc3 25. Bxc3 Rxc3+ 26. Kd2
Rc4 27. Kd3 Rfc8 28. Rhd1 Rc2 29. Rd2 R8c3+ 30. Ke2 Rc4 31. f3 R4c3 32. Ra2
Rxa2 33. Rxa2 Rb3 34. Kf2 Rc3 35. h4 Rb3 36. Kg3 Rc3 37. Kf4 Rb3 38. Ra5 Rb2
39. g3 Rh2 40. Ra3 Rg2 41. Kg4 Re2 42. Ra1 Kf6 43. Ra6+ Kf7 44. Kf4 Re1 45. e5
Rh1 46. Ra3 Re1 47. Re3 Rg1 48. Kg4 Rg2 49. f4 Rg1 50. Rb3 Rg2 51. Kg5 Kg7 52.
h5 gxh5 53. Kxh5 Kf7 54. Kg5 Kg7 55. Kf5 1-0

[Event "Balaguer op"]
[Site "?"]
[Date "2011.07.17"]
[Round "1"]
[White "Arno Bendicho, A."]
[Black "Alvarez Pedraza, A."]
[Result "0-1"]
[WhiteElo "1917"]
[BlackElo "2551"]
[PlyCount "48"]
[EventDate "2011.??.??"]
[EventType "swiss"]
[Source "Chessbase"]
[SourceDate "2011.07.29"]

1. d4 d6 2. e4 Nf6 3. Bd3 e5 4. c3 Nc6 5. d5 Ne7 6. Ne2 g6 7. O-O Bg7 8. Qc2
O-O 9. f4 c6 10. dxc6 bxc6 11. h3 Nxe4 12. Bxe4 d5 13. Bd3 e4 14. Bxe4 dxe4 15.
Qxe4 Nf5 16. Qf3 Ba6 17. Nd2 Re8 18. Ng3 Qb6+ 19. Qf2 Nxg3 20. Qxb6 axb6 21.
Rf3 Ne2+ 22. Kh2 Rad8 23. Nf1 Rd1 24. Ng3 Rxc1 0-1

[Event "Balaguer op"]
[Site "?"]
[Date "2011.07.17"]
[Round "1"]
[White "Arribas Robaina, M."]
[Black "Escur Hereu, J."]
[Result "1-0"]
[WhiteElo "2292"]
[BlackElo "1700"]
[PlyCount "31"]
[EventDate "2011.??.??"]
[EventType "swiss"]
[Source "Chessbase"]
[SourceDate "2011.07.29"]

1. e4 c6 2. d4 d5 3. Nc3 g6 4. Nf3 Bg4 5. exd5 cxd5 6. h3 Bxf3 7. Qxf3 e6 8.
Bf4 Nf6 9. Bb5+ Nbd7 10. Be5 Bg7 11. Bxd7+ Kxd7 12. O-O Rg8 13. Rfe1 Ne8 14.
Qxf7+ Kc8 15. Qxg8 Bxe5 16. Qxe6+ 1-0

[Event "Balaguer op"]
[Site "?"]
[Date "2011.07.17"]
[Round "1"]
[White "Fandiño Reyes, R."]
[Black "Borras Burgues, J."]
[Result "1-0"]
[WhiteElo "2145"]
[BlackElo "1394"]
[PlyCount "55"]
[EventDate "2011.??.??"]
[EventType "swiss"]
[Source "Chessbase"]
[SourceDate "2011.07.29"]

1. d3 Nc6 2. a3 g6 3. Nf3 Bh6 4. g3 Bxc1 5. Qxc1 d6 6. Bg2 e5 7. O-O f6 8. b4
Bd7 9. Nbd2 Nh6 10. c3 Ne7 11. Ne4 Nef5 12. c4 Bc6 13. b5 Bxe4 14. dxe4 Nxg3
15. hxg3 g5 16. c5 Nf7 17. Rd1 g4 18. Nh4 O-O 19. Qc4 a6 20. cxd6 cxd6 21. Nf5
axb5 22. Qxb5 Ra5 23. Qxb7 d5 24. Ne7+ Kh8 25. Nc6 Qa8 26. Nxa5 Qxb7 27. Nxb7
d4 28. e3 1-0

[Event "Balaguer op"]
[Site "?"]
[Date "2011.07.17"]
[Round "1"]
[White "Gomez Garrido, C."]
[Black "Juan Bartroli, P."]
[Result "1-0"]
[WhiteElo "2524"]
[BlackElo "1860"]
[PlyCount "49"]
[EventDate "2011.??.??"]
[EventType "swiss"]
[Source "Chessbase"]
[SourceDate "2011.07.29"]

1. e4 e6 2. d4 d5 3. Nd2 Nf6 4. e5 Nfd7 5. Bd3 c5 6. c3 Nc6 7. Ne2 Qb6 8. Nf3
cxd4 9. cxd4 f6 10. exf6 Nxf6 11. O-O Bd6 12. Bf4 Bxf4 13. Nxf4 O-O 14. Re1 Ne4
15. g3 Nxf2 16. Bxh7+ Kxh7 17. Ng5+ Kg8 18. Qh5 Rxf4 19. gxf4 Bd7 20. Qf7+ Kh8
21. Qxd7 Qxd4 22. Nxe6 Nh3+ 23. Kh1 Qxb2 24. Rab1 Qc3 25. Re3 1-0

[Event "Balaguer op"]
[Site "?"]
[Date "2011.07.17"]
[Round "1"]
[White "Hernandez Carmenates, H."]
[Black "Parramon Guillaumet, J."]
[Result "1-0"]
[WhiteElo "2570"]
[BlackElo "1928"]
[PlyCount "85"]
[EventDate "2011.??.??"]
[EventType "swiss"]
[Source "Chessbase"]
[SourceDate "2011.07.29"]

1. d3 e5 2. a3 d5 3. g3 Nf6 4. Bg2 Be6 5. Nf3 Nc6 6. O-O h6 7. c4 a5 8. Qa4 Nd7
9. cxd5 Nb6 10. Qb5 Qxd5 11. Nc3 Qxb5 12. Nxb5 Bd6 13. Be3 Nd5 14. Nd2 Nxe3 15.
fxe3 Kd7 16. d4 Ne7 17. Rac1 c6 18. Nxd6 Kxd6 19. Ne4+ Kc7 20. Nc5 Rhf8 21. Rf2
b6 22. Nd3 exd4 23. exd4 Rad8 24. e3 f6 25. Nf4 Bf7 26. b4 axb4 27. axb4 b5 28.
Rfc2 Rd6 29. Ra1 Rb8 30. Rc3 g5 31. Nd3 Bc4 32. Nc5 Kd8 33. Rca3 Ke8 34. Ra7 f5
35. Rc7 Bd5 36. Raa7 Ng6 37. Bxd5 cxd5 38. Rh7 Nf8 39. Rhe7+ Kd8 40. Rf7 Ne6
41. Nb7+ Rxb7 42. Rfxb7 Kc8 43. Rh7 1-0

[Event "Balaguer op"]
[Site "?"]
[Date "2011.07.17"]
[Round "1"]
[White "Lariño Nieto, D."]
[Black "Orti Boix, ML."]
[Result "1-0"]
[WhiteElo "2495"]
[BlackElo "1857"]
[PlyCount "73"]
[EventDate "2011.??.??"]
[EventType "swiss"]
[Source "Chessbase"]
[SourceDate "2011.07.29"]

1. e4 c5 2. Nc3 Nc6 3. g3 g6 4. Bg2 Bg7 5. d3 d6 6. f4 e5 7. Nh3 exf4 8. Bxf4
Nge7 9. O-O O-O 10. Qd2 Rb8 11. Bh6 b5 12. Bxg7 Kxg7 13. a3 a5 14. Nf4 b4 15.
axb4 axb4 16. Ncd5 Nxd5 17. exd5 Ne5 18. h3 Qb6 19. Rf2 Bd7 20. Raf1 Qc7 21.
Qc1 Qc8 22. g4 f6 23. Ne2 Bb5 24. Ng3 Rb6 25. Ne4 Nd7 26. Qf4 Qb8 27. h4 Rf7
28. Ng5 Re7 29. Ne6+ Kg8 30. Be4 Qe8 31. Qf3 Ba6 32. h5 Bb7 33. hxg6 hxg6 34.
Rh2 Rh7 35. Rxh7 Kxh7 36. Qh3+ Kg8 37. Qh6 1-0

[Event "Balaguer op"]
[Site "?"]
[Date "2011.07.17"]
[Round "1"]
[White "Leon Valera, J."]
[Black "Volodin, A."]
[Result "0-1"]
[WhiteElo "1859"]
[BlackElo "2523"]
[PlyCount "82"]
[EventDate "2011.??.??"]
[EventType "swiss"]
[Source "Chessbase"]
[SourceDate "2011.07.29"]

1. d4 Nf6 2. c4 c5 3. d5 b5 4. e3 bxc4 5. Bxc4 d6 6. Nc3 g6 7. Nf3 Bg7 8. e4
O-O 9. O-O Nbd7 10. Bg5 Rb8 11. Rb1 h6 12. Be3 Ng4 13. Bd2 Qb6 14. h3 Nge5 15.
Nxe5 Nxe5 16. Be2 Ba6 17. b3 Kh7 18. Kh1 Qb7 19. f4 Nd7 20. Qc2 Rfc8 21. Bc4
Rf8 22. Ne2 Bxc4 23. Qxc4 Nb6 24. Qc2 f5 25. Bc3 fxe4 26. Bxg7 Kxg7 27. Qxe4
Nxd5 28. Rbd1 Nf6 29. Qe6 Qe4 30. Qxe4 Nxe4 31. Rf3 Rf7 32. Kh2 Rb4 33. a3 Rb8
34. Re3 Nf6 35. g3 g5 36. Kg2 a5 37. Rdd3 Rb7 38. g4 Nd7 39. Re4 d5 40. Ra4 c4
41. bxc4 Nc5 0-1

[Event "Balaguer op"]
[Site "?"]
[Date "2011.07.17"]
[Round "1"]
[White "Monfa Escola, R."]
[Black "Fernandez Cardoso, A."]
[Result "0-1"]
[WhiteElo "1776"]
[BlackElo "2450"]
[PlyCount "44"]
[EventDate "2011.??.??"]
[EventType "swiss"]
[Source "Chessbase"]
[SourceDate "2011.07.29"]

1. d3 c5 2. a3 Nc6 3. Nf3 d5 4. b3 e5 5. Nbd2 Bd6 6. Bb2 Nf6 7. g3 O-O 8. Bg2
Bf5 9. O-O d4 10. Re1 Qd7 11. e3 Bh3 12. exd4 exd4 13. Ng5 Bxg2 14. Kxg2 Ne5
15. Ngf3 Neg4 16. Ne4 Nxe4 17. Rxe4 f5 18. Re1 f4 19. Kg1 fxg3 20. hxg3 Nxf2
21. Kxf2 Qh3 22. Rg1 Qh2+ 0-1

[Event "Balaguer op"]
[Site "?"]
[Date "2011.07.17"]
[Round "1"]
[White "Moradiabadi, E."]
[Black "Bedoya Ribo, J."]
[Result "1-0"]
[WhiteElo "2532"]
[BlackElo "1915"]
[PlyCount "96"]
[EventDate "2011.??.??"]
[EventType "swiss"]
[Source "Chessbase"]
[SourceDate "2011.07.29"]

1. e4 c6 2. d3 d5 3. Nd2 dxe4 4. dxe4 e5 5. Ngf3 Qc7 6. Bc4 Bg4 7. O-O Nf6 8.
b3 Bd6 9. Bb2 O-O 10. Re1 Nbd7 11. h3 Bh5 12. Nf1 b5 13. Bd3 Rad8 14. Ng3 Bg6
15. Nh4 Bb4 16. Rf1 Nc5 17. Qf3 Rd7 18. Rfd1 Rfd8 19. Nhf5 Ne6 20. h4 h5 21. a3
Bc5 22. Bc3 Ng4 23. Be1 Nd4 24. Nxd4 Bxd4 25. Rab1 Bc5 26. Nf1 Bxa3 27. b4 a5
28. bxa5 Bc5 29. Qe2 Rd6 30. Nh2 Nxh2 31. Kxh2 Qe7 32. f3 Qf6 33. Ra1 Bd4 34.
c3 Bc5 35. Bc2 Qe6 36. Rxd6 Rxd6 37. a6 Ba7 38. Bf2 Qd7 39. Bxa7 Qxa7 40. Bb3
Kh7 41. c4 bxc4 42. Bxc4 f6 43. Bb3 c5 44. Qc4 Rd8 45. Qe6 Rf8 46. Qd6 Rc8 47.
Be6 Ra8 48. Bc4 Rf8 1-0

[Event "Balaguer op"]
[Site "?"]
[Date "2011.07.17"]
[Round "1"]
[White "Pozo Vera, S."]
[Black "Aloy Piulats, R."]
[Result "1-0"]
[WhiteElo "2471"]
[BlackElo "1825"]
[PlyCount "33"]
[EventDate "2011.??.??"]
[EventType "swiss"]
[Source "Chessbase"]
[SourceDate "2011.07.29"]

1. d4 d5 2. c4 c6 3. Nf3 Nf6 4. e3 e6 5. b3 Be7 6. Bd3 h6 7. O-O O-O 8. Nbd2
Nbd7 9. Qe2 Qc7 10. Bb2 Re8 11. Rac1 Qd8 12. Rfd1 a6 13. Ne5 Nf8 14. f4 N6d7
15. e4 Nxe5 16. fxe5 Bg5 17. Rc2 1-0

[Event "Balaguer op"]
[Site "?"]
[Date "2011.07.17"]
[Round "1"]
[White "Puig Carres, J."]
[Black "Oms Pallisse, J."]
[Result "0-1"]
[WhiteElo "1838"]
[BlackElo "2489"]
[PlyCount "58"]
[EventDate "2011.??.??"]
[EventType "swiss"]
[Source "Chessbase"]
[SourceDate "2011.07.29"]

1. c4 e5 2. Nc3 Bb4 3. a3 Bxc3 4. bxc3 d6 5. g3 f5 6. d3 Nf6 7. Bg2 O-O 8. Nf3
c5 9. O-O Nc6 10. Rb1 h6 11. d4 Qe8 12. dxc5 dxc5 13. Qd6 e4 14. Nd2 Qe5 15.
Qxe5 Nxe5 16. f3 exf3 17. exf3 f4 18. gxf4 Nd3 19. Ne4 b6 20. Rd1 Nxc1 21.
Rbxc1 Nh5 22. Rd6 Nxf4 23. Rcd1 Bf5 24. Ng3 Rae8 25. Nxf5 Rxf5 26. Bf1 Re3 27.
Rd7 Rxc3 28. Rxa7 Rxf3 29. Rdd7 Rg5+ 0-1

[Event "Balaguer op"]
[Site "?"]
[Date "2011.07.17"]
[Round "1"]
[White "Subarroca Blanch, F."]
[Black "Janev, E."]
[Result "0-1"]
[WhiteElo "1880"]
[BlackElo "2528"]
[PlyCount "58"]
[EventDate "2011.??.??"]
[EventType "swiss"]
[Source "Chessbase"]
[SourceDate "2011.07.29"]

1. e4 Nf6 2. Nc3 e5 3. f4 d5 4. exd5 Nxd5 5. Qf3 Nxf4 6. Bc4 Nc6 7. Nge2 Bg4 8.
Qf1 Qh4+ 9. Kd1 Ne6 10. h3 Bh5 11. g4 Bg6 12. d3 O-O-O 13. Be3 Qe7 14. a3 Qd7
15. Ke1 Ned4 16. Rc1 Bc5 17. Qf2 h5 18. b4 Bb6 19. Rf1 hxg4 20. hxg4 Qxg4 21.
Nd5 Nxe2 22. Qxe2 Qxe2+ 23. Kxe2 Bxe3 24. Kxe3 Kb8 25. Rf2 Rh3+ 26. Kd2 e4 27.
Ne3 Ne5 28. Nd5 Nxc4+ 29. dxc4 e3+ 0-1

[Event "Balaguer op"]
[Site "?"]
[Date "2011.07.17"]
[Round "1"]
[White "Turuguet Lopez, JL."]
[Black "Burmakin, V."]
[Result "0-1"]
[WhiteElo "1928"]
[BlackElo "2579"]
[PlyCount "64"]
[EventDate "2011.??.??"]
[EventType "swiss"]
[Source "Chessbase"]
[SourceDate "2011.07.29"]

1. Nf3 d5 2. d4 Nf6 3. Bg5 c6 4. e3 Ne4 5. Bf4 Qb6 6. Qc1 Bf5 7. Bd3 h6 8. h4
e6 9. Nbd2 Nxd2 10. Nxd2 Bxd3 11. cxd3 Be7 12. Qc2 a5 13. Bxb8 Rxb8 14. Nb3 Rc8
15. Nc5 Qa7 16. Rc1 b6 17. Nb3 O-O 18. g4 c5 19. dxc5 a4 20. Nd2 Rxc5 21. Qd1
Rfc8 22. Rxc5 Rxc5 23. d4 Rc6 24. Nf3 a3 25. b3 Qa6 26. g5 Bb4+ 27. Nd2 Qd3 28.
Rh2 Rc2 29. f4 Rxd2 30. Rxd2 Qxe3+ 31. Kf1 Bxd2 32. Qg4 Qxf4+ 0-1

[Event "Balaguer op"]
[Site "?"]
[Date "2011.07.17"]
[Round "1"]
[White "Westerinen, H."]
[Black "Solsona Manonelles, J."]
[Result "1-0"]
[WhiteElo "2355"]
[BlackElo "1725"]
[PlyCount "53"]
[EventDate "2011.??.??"]
[EventType "swiss"]
[Source "Chessbase"]
[SourceDate "2011.07.29"]

1. e4 e6 2. d4 d5 3. Nd2 c5 4. exd5 exd5 5. Ngf3 Nf6 6. Bb5+ Bd7 7. Bxd7+ Nbxd7
8. O-O Be7 9. dxc5 Nxc5 10. Nb3 O-O 11. Nfd4 Nxb3 12. axb3 Qb6 13. Be3 Bc5 14.
c3 a5 15. Ra4 Qd8 16. Bg5 h6 17. Bh4 g5 18. Bg3 Ne4 19. Nf5 Qb6 20. Qxd5 Nxf2
21. Bxf2 Bxf2+ 22. Rxf2 Rad8 23. Qf3 Qxb3 24. Rd4 Qb6 25. Qh5 Rxd4 26. Nxh6+
Kg7 27. Nf5+ 1-0